| 000 | 00404nam a2200145Ia 4500 | ||
|---|---|---|---|
| 008 | 230917s9999||||xx |||||||||||||| ||und|| | ||
| 040 |
_e44567 _aMAIN |
||
| 041 | _aEnglish | ||
| 082 | _a809.4 A25C | ||
| 100 | _aAddison, Joseph | ||
| 245 | 0 | _aCritical essays from 'The Spectator: With four essays by Richard Steele | |
| 260 |
_aOxford _bClarendon Press _c1970 |
||
| 300 | _axxvii, 300 p. | ||
| 942 | _cBK | ||
| 999 |
_c205115 _d205115 |
||